Statistiques concernant Styles architecturaux sur les billets en euros

Cliquez ici pour prendre le quiz!

Statistiques générales

  • Ce quiz a été pris 278 fois
  • Le résultat moyen est 4 sur 7

Statistiques - réponses

Réponse% Correct
Architecture Gothique
93%
Architecture Classique
76%
Architecture Romane
76%
Architecture Moderne
73%
Architecture Baroque
60%
Style Renaissance
52%
Style Industriel
13%

Distribution des résultats

Percentile par nombre de réponses

% des personnes avec chaque résultat

Votre développement - résultats

Vous n’avez pas pris ce quiz